00379nam a22001097a 4500082001700000100003600017245011800053260005500171300001000226563000700236650002600243 a981.421bNIZ aMuhammad Zain ul Abideen Nizami aMajmooaa tauheedi (Khawaja Muhammad Sharif Chishti Nizami day kalam da intikhab)cMuhammad Zain ul Abideen Nizami aDeepalpur:bKhawaja Muhammad Akram Library;c2023. a217p. aHB aPunjani naatakaafian